Quizzes
Events
Quiz Creation
Community
Videos
Private Events
Remove Ads
Sign In
Join for FREE
Feedback
Dark Mode
Quiz Categories
Sports
Geography
Music
Movies
Television
Just For Fun
Miscellaneous
History
Literature
Language
Science
Gaming
Entertainment
Religion
Holiday
For Kids
Quiz Lab
Recent
Popular Today
Quiz Kudos Today
Editor Picks
Curator Picks
Quizzes by...
Day
Popularity
Type
Ratings
Length
Year
Community
Subscriptions
Recent Discussions
Orange Saloon
Badges
Playlists
Quests
Create
Leaderboards
Showdown
Live 5
Trivia Bingo
Activity
Puzzle Library
Sporcle Events
Private Events
Virtual Trivia
Globe League
Become a Host
Pub Owners
SporcleCon
Opinionation
Our Games
Videos
Blog
Mobile Apps
Partnerships
Remove Ads and Go Orange
Feedback
Literature
Harry Potter
A Song of Ice and Fire
The Hunger Games
Literary Character
Shakespeare
Book
Author
Novel
Poem
Young Adult
Children's Books
Play
Lord of the Rings
Literature
Harry Potter
A Song of Ice and Fire
The Hunger Games
Literary Character
Shakespeare
Book
Author
Novel
Poem
Young Adult
Children's Books
Play
Lord of the Rings
Random Quiz
Search Sporcle
×
Quiz Lab
Quiz Lab
Literature
Type in answers that appear in a list
Type in answers that appear in a list
Classic
Best Score? Go Orange.
Can You Name the Argonauts? Stats
Can you name the Argonauts?
By
Detektor
10m
79 Questions
164 Plays
164 Plays
164 Plays
Comments
Comments
Give Quiz Kudos
Give Quiz Kudos
-
- Ratings
hide this ad
Replay
Link that replays current quiz
Next Quiz
Link to next quiz in quiz playlist
You Got
0%
They Got
Avg Score
30%
Avg Friend Score
Upgrade to see
Score Distribution
Jump to the score distribution portion of the page
Score
0/79
Timer
10:00
0
Plays Today
% Correct
Jason
98.8%
Heracles
93.3%
Orpheus
69.5%
Polydeuces
69.5%
Castor
68.9%
Theseus
54.9%
Hylas
51.2%
Zetes
49.4%
Peleus
47.6%
Calais
47%
Nestor
47%
Meleager
44.5%
Idas
40.9%
Argus
40.2%
Laertes
39.6%
Telamon
38.4%
Lynceus
37.8%
Polyphemus
36%
Neleus
35.4%
Acastus
34.8%
Admetus
34.8%
Amphion
33.5%
Deucalion
33.5%
Laocoon
31.7%
Palaemon
31.7%
Autolycus
31.1%
Autolycus
31.1%
Butes
31.1%
Cepheus
31.1%
Mopsus
31.1%
Glaucus
30.5%
Canthus
29.9%
Eurybates
29.9%
Menoetius
29.9%
Nauplius
29.9%
Eurytion
28.7%
Oileus
28.7%
Asterion
27.4%
Asterius
26.8%
Azorus
26.8%
% Correct
Iphitus
26.8%
Iphitus
26.8%
Coronus
26.2%
Ancaeus
25.6%
Ancaeus
25.6%
Augeas
25.6%
Idmon
25.6%
Tiphys
25.6%
Clytius
25%
Iphiclus
25%
Iphiclus
25%
Amphistratus
24.4%
Eurydamas
24.4%
Armenius
22%
Euryalus
22%
Peneleos
22%
Amphidamas
21.3%
Poeas
20.7%
Iphis
19.5%
Rhecas
18.9%
Ascalaphus
18.3%
Echion
18.3%
Euphemus
17.7%
Hippalcmus
17.7%
Caeneus
16.5%
Deileon
16.5%
Areius
15.9%
Phalerus
15.2%
Philammon
15.2%
Erginus
14.6%
Phlogius
11.6%
Staphylus
11.6%
Ialmenus
10.4%
Phlias
8.5%
Aethalides
7.9%
Leitus
7.9%
Talaus
7.9%
Laodocus
7.3%
Periclymenus
6.1%
Quiz Playlist
Details
Report
Send in Message
Add To Playlist
Classic:
Type in answers that appear in a list
Quiz Source
Last Updated: Feb 16, 2017
Quiz Scoreboard
CHALLENGE
Sign Up to Join the Scoreboard
Show All
Scores
Hide
Comments
May contain spoilers
Recently Published
NBA Finals Game Top Scorers (2010s)
by flibbidy
Sports
5m
Guess the 'R' Things in 3 Words
by MSUKent
Miscellaneous
3m
Actor to Badly Drawn Movie III
by MoMosMoProblems
Movies
5m
More to Explore
Quiz From the Vault
Featured Blog Post
Where Does Lost Luggage Go?
hide this ad
You Might Also Like...
Tags
This quiz does not have any tags.
Today's Top Quizzes in Literature
Browse Literature
hide this ad
Top Contributed Quizzes in Literature
1
3-Word Books in 1 Word II
2
Mad Scientists in Literature
3
Image Sorting: Children's Book Characters
4
Pick 3: Harry Potter Hogwarts Quidditch Players
5
HP Logic Puzzle: 'Eyes green as fresh-picked toads...'
6
Harry Potter Logic Quiz New
7
Quick Pick: Literary Title Characters 1
8
Quick Pick: Margaret Atwood Novels
9
Sneaky Slytherin Logic Puzzle
10
A Court of Thorns and Roses (ACoTaR) Logic Puzzle
Explore More
Trending Topics
NBA
Marvel
Crossword
Kpop
Harry Potter
Anime
Disney
The Office
Pokémon
Puzzle
NFL
Soccer
WWE
Country
Song
hide this ad
More By:
Detektor
Quiz
Plays
Rating
Category
Featured
Created
'And' Idioms
221,357
4.41
Language
Jan 8, 2010
Presidential Education
142,771
4.28
History
Feb 8, 2010
Most-Published Comic Book Characters
107,762
3.99
Entertainment
Dec 1, 2009
IPA Pronunciation
99,176
4.54
Language
Apr 30, 2010
Marvel Superheroes by Profession
68,900
3.65
Entertainment
Jun 25, 2010
Go to Creator's Profile
Score Distribution
Quiz Creator Spotlight
Detektor
Follow
Send a Message
Quizzes Created
-
Created Quiz Play Count
-
More By This Creator
Popular Quizzes Today
1
Find the US States - No Outlines Minefield
2
Find the US States
3
The Countries of the World
4
10 Largest US States in Order
5
Find the Countries of Europe - No Outlines Minefield
6
US States
7
Guess the 'R' Things in 3 Words
8
NBA Finals Game Top Scorers (2010s)
More Literature Quizzes
Hogwarts Professors A-Z
Published
Trending Quizzes
First Name TV: Leading Men
First Name TV: Leading Women Drama
Match the Book to the Film II
Pick A Pair: Religious TV
Match the Book to the Film VI
Recently Updated
Women's Final Four Teams by Year
bhenderson79
Presidents Quartet II
eogle
Anything But Clue(do)
eogle
Anything But Oceanian Capitals
eogle
Anything But 7
eogle
Anything But Thing
eogle
Word Ladder: February 29
pecheneg
Song Title Questions
pecheneg
Women's NCAA Tournament #1 Seeds
pecheneg
Celebrity Mug Shots
pecheneg
Trending Topics
Crossword
Marvel
Anime
NBA
Disney
Harry Potter
Kpop
NFL
Pokémon
WWE
Country
Soccer
Song
The Office
Puzzle
Your Account Isn't Verified!
In order to create a playlist on Sporcle, you need to verify the email address you used during registration. Go to your
Sporcle Settings
to finish the process.
Report this User
Report this user for behavior that violates our
Community Guidelines
.
Details:
Send Report
Go to the Sporcle.com Mobile Site →
Comments